The new Housing and Regeneration Bill (Record no. 80431)
[ view plain ]
| 000 -LEADER | |
|---|---|
| fixed length control field | 00962cab a22002415a 4500 |
| 001 - CONTROL NUMBER | |
| control field | L144342 |
| 008 - FIXED-LENGTH DATA ELEMENTS--GENERAL INFORMATION | |
| fixed length control field | 080711s2008 xxko f v 000 0 eng d |
| 035 ## - SYSTEM CONTROL NUMBER | |
| System control number | (Sirsi) u144342 |
| 041 0# - LANGUAGE CODE | |
| Language code of text/sound track or separate title | eng |
| 100 1# - MAIN ENTRY--PERSONAL NAME | |
| Personal name | Evans, Ashleigh |
| 245 04 - TITLE STATEMENT | |
| Title | The new Housing and Regeneration Bill |
| 260 ## - PUBLICATION, DISTRIBUTION, ETC. | |
| Date of publication, distribution, etc. | 2008 |
| 490 #0 - SERIES STATEMENT | |
| Series statement | Lovells Real Estate Quarterly |
| Volume/sequential designation | Summer 2008, 12-14(3) |
| 520 ## - SUMMARY, ETC. | |
| Summary, etc. | Article looks at the three parts of the new legislation - dealing with: the new Homes and Communities Agency; regulation of social housing through the creation of the Office for Tenants and Social Landlords and other provisions, including sustainability certificates and housing finance. |
| 590 ## - LOCAL NOTE (RLIN) | |
| Local note | KA |
| 650 24 - SUBJECT ADDED ENTRY--TOPICAL TERM | |
| Topical term or geographic name entry element | HOUSING AND REGENERATION BILL 2007 |
| 650 24 - SUBJECT ADDED ENTRY--TOPICAL TERM | |
| Topical term or geographic name entry element | DCLG CODE FOR SUSTAINABLE HOMES |
| 650 24 - SUBJECT ADDED ENTRY--TOPICAL TERM | |
| Topical term or geographic name entry element | HOME INFORMATION PACKS |
| 650 24 - SUBJECT ADDED ENTRY--TOPICAL TERM | |
| Topical term or geographic name entry element | HOUSING GREEN PAPER |
| 651 #4 - SUBJECT ADDED ENTRY--GEOGRAPHIC NAME | |
| Geographic name | United Kingdom |
| Chronological subdivision | |
| 690 ## - LOCAL SUBJECT ADDED ENTRY--TOPICAL TERM (OCLC, RLIN) | |
| Topical term or geographic name as entry element | PROPERTY-PROPERTY MANAGEMENT-REGENERATION |
| 942 ## - ADDED ENTRY ELEMENTS (KOHA) | |
| Suppress in OPAC | 0 |
| Withdrawn status | Lost status | Source of classification or shelving scheme | Damaged status | Not for loan | Home library | Current library | Shelving location | Date acquired | Total Checkouts | Full call number | Barcode | Date last seen | Copy number | Price effective from | Koha item type |
|---|---|---|---|---|---|---|---|---|---|---|---|---|---|---|---|
| Dewey Decimal Classification | London | London | Journal article | 11/07/2008 | L144342 | 144342-2001 | 06/08/2019 | 1 | 06/08/2019 | Journal article |